| 000 | 00718nam a2200217 a 4500 | ||
|---|---|---|---|
| 003 | PILC | ||
| 005 | 20150812130033.0 | ||
| 008 | 100719s19uu xx 00 eng d | ||
| 020 | _a1844800903 | ||
| 050 |
_aTX 911.3.F75 _b.B35 2000 |
||
| 082 |
_aHSF 647.94068 _bB17 2000 |
||
| 100 |
_aBaker, Sue _911029 |
||
| 245 |
_aPrinciples of hotel front office operations / _cSue Baker, Pam Bradley, and Jeremy Huyton. |
||
| 250 | _a2nd edition. | ||
| 260 |
_aBedford Row, London : _bThomson Learning, High Holborn House, _c2000. |
||
| 300 |
_a325 pages : _billustration ; _c24 cm. |
||
| 650 |
_aHotel management- Front office _911030 |
||
| 700 |
_aHuyton, Jeremy _911031 |
||
| 700 |
_aBradley, Pam _911032 |
||
| 942 |
_2lcc _cBK |
||
| 999 |
_c14383 _d14383 |
||